| 000 | 01625nam0a2200325 4500 | ||
|---|---|---|---|
| 001 | RU\NLR\BIBL_A\022470993 | ||
| 005 | 20260406105245.0 | ||
| 010 |
_a978-5-88503-331-2 _91600 |
||
| 035 | _a(NLR Aleph) 022470993 | ||
| 090 |
_a13369543 _c13369543 |
||
| 100 | _a20250226d2025 |||y0rusy50 ca | ||
| 101 | 0 | _arus | |
| 102 | _aRU | ||
| 105 | _aa z 000zy | ||
| 200 | 1 |
_aПути избавления от болезней _eгипертония, диабет… _fИ. П. Неумывакин |
|
| 210 |
_aМосква _aСанкт-Петербург _cДИЛЯ _d2025 (печ. 2024) |
||
| 215 |
_a254, [1] с. _cил., портр. _d24 |
||
| 300 | _aНа 4-й с. обл. авт.: Неумывакин И. П., д-р мед. наук, проф. Действ. чл. Рос. и Европ. акад. естеств. наук, Междунар. акад. милосердия, Засл. изобретатель России, лауреат Гос. премии | ||
| 333 | _a16+ | ||
| 606 | 1 |
_aТерапия нетрадиционная _92050901 _3RU\NLR\AUTH\66946143 |
|
| 606 | 1 |
_aСахарный диабет _xТерапия нетрадиционная _92358373 _3RU\NLR\AUTH\661408503 |
|
| 606 | 1 |
_aГипертоническая болезнь _xТерапия нетрадиционная _92601164 _3RU\NLR\AUTH\661537722 |
|
| 686 | 1 | _aР358.9 | |
| 686 | 1 | _aР415.160.23-5 | |
| 686 | 1 | _aР410.030-5 | |
| 700 | 1 |
_8rus _7ca _aНеумывакин _bИ. П. _f1928-2018 _gИван Павлович _3RU\NLR\AUTH\77100497 _983423 |
|
| 942 | _cBOOK | ||
| 980 | _aNB | ||